000 01000cab a2200205 4500
001 ABS68083
008 040903n2004 000 0 eng u
035 _a(Sirsi) u127267
110 _aFranklin and Andrews
_92518
245 _aEuropean whole-life costs
260 _c2004
490 _aBuilding
_v269(8340) 9 July 2004, 62-64(3)
520 _aQuantity surveying firm Franklin and Andrews' cost research unit has produced its annual study of whole-life costs in Europe, to aid the decision of where to locate. The most cost efficient location for construction may not be the most cost effective once the cost of ownership over the plant's lifetime has been taken into account. Areas discussed are: construction costs; ownership costs; labour costs and productivity; time and usage factors; and whole-life cost comparisons. Tables.
590 _aABS
650 _aWHOLE-LIFE COSTS
650 _aEUROPE
650 _aPRODUCTIVITY
690 _aBUILT ENVIRONMENT-BUILDING COSTS
942 _n0
999 _c74527
_d74527